Juegos en familia

Uloženo v:
Podrobná bibliografie
Hlavní autor: Zabala Guitart, Mireia (Autor)
Médium: Kniha
Jazyk:španělština
Vydáno: Barcelona Graó 2006
Vydání:1a. ed
Edice:Colección Familia y Educación, 6
Témata:
Tagy: Přidat tag
Žádné tagy, Buďte první, kdo vytvoří štítek k tomuto záznamu!

MARC

LEADER 00000nam a2200000 a 4500
001 UCG2800
003 CL-VaPUC
008 100723e20060100SP |||||||||||||||||spa|d
020 |a 8478274170 
082 0 4 |a 790.191  |b ZAB  |2 21 
100 0 |a Zabala Guitart, Mireia  |e author  |9 551422 
245 1 0 |a Juegos en familia 
250 |a 1a. ed 
300 |a 172 p 
942 |c BK 
945 |d 20100723 00:00:00  |a mfarfan 
260 |a Barcelona  |b Graó  |c 2006 
650 0 |a Juegos recreativos  |9 395884 
650 0 |a Familias   |9 255641 
583 |a last modification  |c 20100723 00:00:00  |k Rodrigo Vera 
490 0 |a Colección Familia y Educación, 6 
999 |c 341923  |d 341921 
952 |0 0  |1 0  |4 0  |6 790_191000000000000_ZAB_2006  |7 0  |8 A  |9 437764  |a BIBEDU  |b BIBEDU  |d 2019-11-22  |i 4698118  |l 1  |o 790.191 ZAB 2006  |p 4698118  |r 2022-07-04  |s 2022-06-30  |w 2019-11-22  |y BK  |k PSI